Teuerste deutsche Fußballer - Statistiken

Allgemein
  • Dieses Quiz wurde 1.027 mal gespielt
  • Das Durchschnittsergebnis liegt bei 8 aus 15
Antwortstatistiken
Ablöse Aufnehmender Verein Saison Fußballer % Korrekt
80 Mio FC Chelsea 20/21 Kai Havertz
99%
53 MIo FC Chelsea 20/21 Timo Werner
83%
60 MIo Bayern München 20/21 Leroy Sane
77%
47 Mio FC Arsenal 13/14 Mesut Özil
71%
52 Mio Manchester City 16/17 Leroy Sane
68%
36 Mio Paris SG 16/17 Julian Draxler
59%
43 Mio VFL Wolfsburg 15/16 Julian Draxler
54%
37 Mio Paris SG 18/19 Thilo Kehrer
53%
35 Mio FC Chelsea 17/18 Antonio Rüdiger
46%
37 Mio Bayern München 13/14 Mario Götze
43%
30,5 Mio Borussia Dortmund 19/20 Mats Hummels
36%
35 Mio Bayern München 16/17 Mats Hummels
34%
41 Mio FC Arsenal 16/17 Shkodran Mustafi
34%
32 Mio VFL Wolfsburg 14/15 Andre Schürrle
29%
32 Mio Bayer Leverkusen 19/20 Kerem Demirbay
20%
Keine übereinstimmenden Quizze gefunden
Verteilung der Resultate
Anzahl Personen mit jedem Resultat
Perzentil nach korrekt beantworteten Fragen
Ihre Resultats-Entwicklung
Sie haben dieses Quiz noch nicht gespielt